Flemish Provinces on a map - Statistics

General Stats
  • This quiz has been taken 71 times
  • The average score is 4 of 5
Answers on the Map
Answers color-coded by a green-red scale on the quiz's map according to % correct below.
 
Answer Stats
Answer % Correct
Antwerp
95%
East-Flanders
86%
West-Flanders
84%
Limburg
81%
Flemish-Brabant
75%
No matching quizzes found
Score Distribution
Percent of People with Each Score
Percentile by Number Answered
Your Score History
You have not taken this quiz